000
00351pam a2200157a 44500
008
230515b1995 xxu||||| |||| 00| 0 eng d
020
_a
NULL
041
_a
ENGL
082
_a
CHA
100
_a
W.A.J.CHAPMAN
245
_a
WORK SHOP TECHNOLOGY PART-3 SI UNITS
250
_a
3
260
_a
NULL
_b
C.B.S
_c
1995
300
_a
675 PB
650
_a
NULL
999
_c
658665
_d
658665